Libro de bautismos de esclavos : (Registro nro. 13800)

Detalles MARC
000 -LEADER
fixed length control field 01231nam a2200325 a 4500
001 - CONTROL NUMBER
control field
003 - CONTROL NUMBER IDENTIFIER
control field DO-SdBNP
005 - DATE AND TIME OF LATEST TRANSACTION
control field 20211018135759.0
008 - FIXED-LENGTH DATA ELEMENTS--GENERAL INFORMATION
fixed length control field 100122s2008 dr 000 0 spa d
020 ## - INTERNATIONAL STANDARD BOOK NUMBER
International Standard Book Number 9789945020496
040 ## - CATALOGING SOURCE
Original cataloging agency DO-SdBNP
Language of cataloging spa
Transcribing agency BPMSU
082 ## - DEWEY DECIMAL CLASSIFICATION NUMBER
Classification number 261
Item number L697b 2008
Edition number 22
245 00 - TITLE STATEMENT
Title Libro de bautismos de esclavos :
Remainder of title 1636 - 1670 /
Statement of responsibility, etc. introducción y transcripción José Luis Sáez.
260 ## - PUBLICATION, DISTRIBUTION, ETC. (IMPRINT)
Place of publication, distribution, etc. Santo Domingo :
Name of publisher, distributor, etc. Archivo General de la Nación,
Date of publication, distribution, etc. 2008.
300 ## - PHYSICAL DESCRIPTION
Extent 229 p. ; :
Other physical details 23 cm.
490 0# - SERIES STATEMENT
Series statement Archivo General de la Nación ;
Volume/sequential designation 63
500 ## - GENERAL NOTE
General note Incluye datos biográficos de José Luis Sáez
500 ## - GENERAL NOTE
General note Incluye referencias bibliográficas y notas al pie de las páginas
590 ## - LOCAL NOTE (RLIN)
Local note Inventariado, 2021/VM
650 #4 - SUBJECT ADDED ENTRY--TOPICAL TERM
Topical term or geographic name as entry element Registros de bautismo
Geographic subdivision Santo Domingo.(República Dominicana)
General subdivision
Geographic subdivision
650 #4 - SUBJECT ADDED ENTRY--TOPICAL TERM
Topical term or geographic name as entry element Esclavos
Geographic subdivision Santo Domingo (República Dominicana)
650 #4 - SUBJECT ADDED ENTRY--TOPICAL TERM
Topical term or geographic name as entry element Esclavos
General subdivision Ritos y ceremonias
651 #4 - SUBJECT ADDED ENTRY--GEOGRAPHIC NAME
Geographic name República Dominicana
General subdivision Historia
Chronological subdivision Colonia 1636-1670
700 ## - ADDED ENTRY--PERSONAL NAME
Personal name Sáez, José Luis
Relator term introd.
700 z# - ADDED ENTRY--PERSONAL NAME
Personal name Sáez Ramo, José Luis,
Dates associated with a name 1937
700 z# - ADDED ENTRY--PERSONAL NAME
Personal name Ramo, Jośe Luis Sáez
Dates associated with a name 1937-
830 #0 - SERIES ADDED ENTRY--UNIFORM TITLE
Uniform title Archivo General de la Nación ;
Number of part/section of a work 63
910 ## - USER-OPTION DATA (OCLC)
User-option data VMateo Vj.
942 ## - ADDED ENTRY ELEMENTS (KOHA)
Source of classification or shelving scheme Dewey Decimal Classification
Koha item type Libros
Existencias
Withdrawn status Lost status Source of classification or shelving scheme Damaged status Not for loan Collection code Home library Current library Date acquired Total Checkouts Full call number Barcode Date last seen Price effective from Koha item type Copy number
    Dewey Decimal Classification     Colección Dominicana Biblioteca Pública Metropolitana Salomé Ureña Biblioteca Pública Metropolitana Salomé Ureña 10/18/2021   BPMSU CD 261 L697b 2008 BPMSU21100106 10/18/2021 10/18/2021 Libros  
    Dewey Decimal Classification     Colección Dominicana Biblioteca Pública Metropolitana Salomé Ureña Biblioteca Pública Metropolitana Salomé Ureña 10/18/2021   BPMSU CD 261 L697b 2008 BPMSU22040020 04/07/2022 10/18/2021 Libros e.2